Entry Personal Name
Number of records used in: 2
001 - CONTROL NUMBER
003 - CONTROL NUMBER IDENTIFIER
005 - DATE AND TIME OF LATEST TRANSACTION
- control field:
20221110154105.0
008 - FIXED-LENGTH DATA ELEMENTS
- fixed length control field:
850524n| acannaabn |n aaa c
010 ## - LIBRARY OF CONGRESS CONTROL NUMBER
- LC control number:
n 85053251
035 ## - SYSTEM CONTROL NUMBER
- System control number:
(OCoLC)oca01334229
040 ## - CATALOGING SOURCE
- Original cataloging agency:
CU
- Language of cataloging:
eng
- Transcribing agency:
DLC
- Modifying agency:
DLC
- Modifying agency:
OCoLC
100 1# - HEADING--PERSONAL NAME
- Personal name:
Mudambi, Sumati Rajagopal
670 ## - SOURCE DATA FOUND
- Source citation:
His Fundamentals of foods and nutrition, 1983, c1981:
- Information found:
t.p. (Sumati R. Mudambi)
670 ## - SOURCE DATA FOUND
- Source citation:
LC data base, 5/13/85
- Information found:
(hdg.: Mudambi, Sumati Rajagopal; usage: Sumati Rajagopal Mudambi)